000 00750cam a2200229 a 4500
001 2051114
005 20180308032530.0
008 930512s1993 nyu b 001 0 eng
010 _a 93023909
020 _a0814792634 (acidfree paper) :
_c$40.00
040 _aDLC
_cDLC
_dDLC
041 _aeng
080 _a305.3 wal
082 0 0 _a305.3 wal
_220
100 1 _a50
101 _asoc
245 1 0 _aGendered community :
_cPenny A. Weiss.
504 _aIncludes bibliographical references (p. 177-184) and index.
906 _a7
_bcbc
_corignew
_d1
_eocip
_f19
_gy-gencatlg
942 _2ddc
_cBK
999 _c44360
_d44360